000 00672cam a2200217 4500
001 WB3633-09
008 000000n2000 000 0 eng u
035 _a(Sirsi) u107978
245 _aIreland on call
260 _c2000
490 _aIrish Times
_v 23 August 2000, 1-8(8) LOAN
520 _aSupplement which reports on the success of the call centre industry in Ireland, and the impact of call centres and the Internet on regional tourism.
590 _aWB
650 _aCALL CENTRES
650 _aINTERNET
650 _aIRELAND
650 _aTOURISM
650 _aGROWTH
690 _aPROPERTY-COMMERCIAL PROPERTY-COMMERCIAL PROPERTY MARKET
942 _n0
999 _c64507
_d64507